| 000 | 00659nam a2200217Ia 4500 | ||
|---|---|---|---|
| 001 | 18901 | ||
| 003 | AR-BaAGN | ||
| 005 | 20250729145350.0 | ||
| 007 | ta | ||
| 008 | 211213s1995 ag |||||||||||||| ||spa d | ||
| 040 |
_dAR-BaAGN _aAR-BaAGN _bspa _eaacr |
||
| 110 |
_aBiblioteca del Congreso de la Nación. _bArchivo Tte. Gral. Juan Domingo Perón |
||
| 245 | 1 | 0 |
_aMaterial del Instituto Di Tella : _btestimonios sobre la historia del Peronismo |
| 260 |
_aBuenos Aires : _b[editor no identificado], _c[1995] |
||
| 300 | _a1 volumen | ||
| 336 |
_2rdacontent _btxt |
||
| 337 |
_2rdamedia _bn |
||
| 338 |
_2rdacarrier _bnc |
||
| 942 | _cFOLLETO | ||
| 999 |
_c18901 _d18901 |
||